<?xml version="1.0" encoding="UTF-8"?><?xml-stylesheet type="text/xsl" href="static/style.xsl"?><OAI-PMH xmlns="http://www.openarchives.org/OAI/2.0/" xmlns:xsi="http://www.w3.org/2001/XMLSchema-instance" xsi:schemaLocation="http://www.openarchives.org/OAI/2.0/ http://www.openarchives.org/OAI/2.0/OAI-PMH.xsd"><responseDate>2026-04-27T20:44:51Z</responseDate><request verb="GetRecord" identifier="oai:riubu.ubu.es:10259/8389" metadataPrefix="marc">https://riubu.ubu.es/oai/request</request><GetRecord><record><header><identifier>oai:riubu.ubu.es:10259/8389</identifier><datestamp>2025-02-13T12:47:48Z</datestamp><setSpec>com_10259_8005</setSpec><setSpec>com_10259_5086</setSpec><setSpec>com_10259_2604</setSpec><setSpec>col_10259_8021</setSpec></header><metadata><record xmlns="http://www.loc.gov/MARC21/slim" xmlns:doc="http://www.lyncode.com/xoai" xmlns:xsi="http://www.w3.org/2001/XMLSchema-instance" xmlns:dcterms="http://purl.org/dc/terms/" xsi:schemaLocation="http://www.loc.gov/MARC21/slim http://www.loc.gov/standards/marcxml/schema/MARC21slim.xsd">
<leader>00925njm 22002777a 4500</leader>
<datafield tag="042" ind1=" " ind2=" ">
<subfield code="a">dc</subfield>
</datafield>
<datafield tag="720" ind1=" " ind2=" ">
<subfield code="a">Trujillo, José Manuel</subfield>
<subfield code="e">author</subfield>
</datafield>
<datafield tag="720" ind1=" " ind2=" ">
<subfield code="a">Pérez Castaños, Sergio</subfield>
<subfield code="e">author</subfield>
</datafield>
<datafield tag="260" ind1=" " ind2=" ">
<subfield code="c">2019</subfield>
</datafield>
<datafield tag="520" ind1=" " ind2=" ">
<subfield code="a">Este libro integra un conjunto sistemático de análisis empíricos acerca de los aspectos más relevantes de los procesos electorales autonómicos celebrados en España en 2015 y 2016: la legislatura, la oferta partidista, las candidaturas, el liderazgo, la campaña y el impacto de las redes sociales, la movilización electoral y sus determinantes, los factores del voto (viejos y nuevos), la geografía electoral, los sistemas de partidos y las Españas electorales, o los perfiles de los diputados electos…</subfield>
</datafield>
<datafield tag="024" ind2=" " ind1="8">
<subfield code="a">978-84-7476-791-9</subfield>
</datafield>
<datafield tag="024" ind2=" " ind1="8">
<subfield code="a">http://hdl.handle.net/10259/8389</subfield>
</datafield>
<datafield tag="024" ind2=" " ind1="8">
<subfield code="a">10.5477/cis/elec.10.500</subfield>
</datafield>
<datafield tag="245" ind1="0" ind2="0">
<subfield code="a">La abstención y la movilización agregada en los procesos autonómicos de 2015 y 2016</subfield>
</datafield>
</record></metadata></record></GetRecord></OAI-PMH>